| 000 | 01061nam a2200313Ia 4500 | ||
|---|---|---|---|
| 003 | OSt | ||
| 005 | 20221006160719.0 | ||
| 006 | a|||||r|||| 00| 0 | ||
| 007 | ta | ||
| 008 | 221006b |||||||| |||| 00| 0 eng d | ||
| 020 |
_a9780801451799 _c3894.00 |
||
| 024 | _a46,127 | ||
| 037 |
_bGift, Japan Foundation _cTextual |
||
| 040 |
_aEASL _cEASL _beng |
||
| 041 |
_2eng _aeng |
||
| 082 | _aX6.42.N89, Q3 | ||
| 100 |
_aMetzler Mark _9663739 |
||
| 245 | 0 |
_aCapital as will and imagination _b Schumpeter's guide to the postwar Japanese miracle |
|
| 260 |
_aIthaca _bCornell University Press _c2013 |
||
| 300 |
_a316p. _ccm. |
||
| 490 |
_v JEL _aCornell Studies in Money |
||
| 650 |
_a Capitallism - Japan - History _9674748 |
||
| 650 |
_a Credit - Japan - History _9663627 |
||
| 650 | _a Japan - Economic conditions | ||
| 650 |
_a Saving and investment - Japan - History _9674749 |
||
| 650 |
_aCapital - Japan - History _9674750 |
||
| 942 |
_hX6.42.N89, Q3 _cTEXL _2CC |
||
| 999 |
_c1114219 _d1114219 |
||